Search the Library Catalogue
| 000 -LEADER | |
|---|---|
| fixed length control field | 00712nam a2200229Ia 4500 |
| 008 - FIXED-LENGTH DATA ELEMENTS--GENERAL INFORMATION | |
| fixed length control field | 191130s2008##################000#0#eng## |
| 020 ## - INTERNATIONAL STANDARD BOOK NUMBER | |
| ISBN | 9780199552290 |
| 082 ## - DEWEY DECIMAL CLASSIFICATION NUMBER | |
| Classification number | 420.9 RIN |
| 100 ## - MAIN ENTRY--AUTHOR NAME | |
| Personal name | Ringe, Donald A |
| 245 ## - TITLE STATEMENT | |
| Title | From Proto-Indo-European to Proto-Germanic |
| Statement of responsibility, etc | Donald Ringe |
| 260 ## - PUBLICATION, DISTRIBUTION, ETC. (IMPRINT) | |
| Place of publication | Oxford |
| Name of publisher | Oxford University Press |
| Year of publication | 2008 |
| 300 ## - PHYSICAL DESCRIPTION | |
| Number of Pages | vi, 355 p. ; 24 cm |
| 500 ## - GENERAL NOTE | |
| General note | Includes bibliographical references (p. [398]-306) and index |
| 650 ## - SUBJECT ADDED ENTRY--TOPICAL TERM | |
| Topical Term | English language - History |
| Topical Term | Proto-Germanic language |
| Topical Term | Proto-Indo-European language |
| 991 ## - | |
| -- | 386741 |
| Withdrawn status | Lost status | Damaged status | Not for loan | Home library | Current library | Shelving location | Date acquired | Full call number | Accession Number | Price effective from | Koha item type |
|---|---|---|---|---|---|---|---|---|---|---|---|
| Anna Centenary Library | Anna Centenary Library | 4TH FLOOR, B WING | 13.10.2020 | 420.9 RIN | 262302 | 13.10.2020 | English Books |